000 00853nam a2200253Ia 4500
003 OSt
005 20220923211245.0
006 a|||||r|||| 00| 0
007 ta
008 Pun
020 _a978817852339 (hbk)
_c200
024 _a241,297
037 _b165, 24/10/2009, H.K. Prakashan
_cTextual
040 _aARTS
_cARTS
_bPun
041 _2Pun
_aPun
082 _aO153,1L18:g, P9
100 _aਹੁੰਦਲ, ਪਰਗਟ ਸਿੰਘ
245 0 _aਕੇਸਰ ਸਿੰਘ ਛਿੱਬਰ
_b ਜੀਵਟ ਤੇ ਬਚਨਾ
260 _aਅੰਮ੍ਰਿਤਸਰ
_b ਵਾਰਿਸ Fਾਹ
_c2009
300 _a176ਪੰ
_ccm.
650 _aਪੰਜਾਬੀ ਸਾਹਿਤ
942 _hO153,1L18:g, P9
_cTEXL
_2CC
999 _c297784
_d297784